[Event "GER-chT U12 Girls"]
[Site "Magdeburg"]
[Date "2023.12.29"]
[Round "5.2"]
[White "Zhou, Leyi Charlotte"]
[Black "Noennig, Lotte"]
[Result "1-0"]
[WhiteElo "1335"]
[BlackElo "1345"]
[PlyCount "111"]
[EventDate "2023.12.26"]
[EventType "team-swiss"]
[EventRounds "7"]
[EventCountry "GER"]
[SourceTitle "CB03_2024"]
[SourceDate "2024.01.17"]
[SourceVersion "1"]
[SourceVersionDate "2024.01.17"]
[SourceQuality "1"]
[WhiteTeam "Weisse Dame"]
[BlackTeam "Magdeburg Schachzwerge"]
[WhiteTeamCountry "GER"]
[BlackTeamCountry "GER"]

1. e4 e5 2. Nf3 Nc6 3. d4 exd4 4. Nxd4 Qf6 5. Be3 Bc5 6. c3 Nge7 7. Bc4 0-0 8. 0-0 b6 9. f3 Bb7 10. Qd2 Rad8 11. Na3 d5 12. Nxc6 Bxc6 13. Bxc5 dxc4 14. Bxe7 Qxe7 15. Qe2 b5 16. Nc2 Rd7 17. Nd4 Qc5 18. Qf2 Bb7 19. Rad1 Rfd8 20. Rd2 b4 21. Rfd1 a5 22. Kf1 a4 23. Qh4 Rd6 24. Nf5 f6 25. Nxd6 cxd6 26. cxb4 Qxb4 27. Qg3 Qb5 28. Ke1 d5 29. exd5 Re8+ 30. Kf2 Qb6+ 31. Kf1 Ba6 32. Qf2 Qd6 33. Kg1 Rb8 34. Qe3 Bb7 35. Qe6+ Qxe6 36. dxe6 Re8 37. Re1 Bc8 38. Rde2 g5 39. Re4 Ba6 40. f4 Kg7 41. fxg5 fxg5 42. Re5 Re7 43. Rxg5+ Kf6 44. Ra5 Bc8 45. Rxa4 Bxe6 46. Ra6 Kf7 47. Rexe6 Rxe6 48. Rxe6 Kxe6 49. Kf2 Kd5 50. Ke3 Ke5 51. a4 Kd5 52. a5 Kc5 53. a6 Kb6 54. Kd4 Kxa6 55. Kxc4 Kb6 56. Kd5 1-0

[Event "GER-ch U10 Girls"]
[Site "Willingen"]
[Date "2023.06.02"]
[Round "9"]
[White "Kuehn, Nicole"]
[Black "Noennig, Lotte"]
[Result "1-0"]
[WhiteElo "1048"]
[BlackElo "1341"]
[PlyCount "47"]
[EventDate "2023.05.27"]
[EventType "swiss"]
[EventRounds "11"]
[EventCountry "GER"]
[SourceTitle "CBM 214 Extra"]
[Source "ChessBase"]
[SourceDate "2023.07.31"]
[SourceVersion "1"]
[SourceVersionDate "2023.07.31"]
[SourceQuality "1"]

1. e4 e5 2. Nf3 Nc6 3. Bc4 Bc5 4. c3 Nf6 5. d3 0-0 6. Bg5 a6 7. b4 Ba7 8. 0-0 b5 9. Bd5 Bb7 10. Bxc6 Bxc6 11. Nxe5 Qe7 12. Ng4 Kh8 13. Qf3 Qe6 14. Nxf6 Qe5 15. Bh4 Qe6 16. Nd2 d6 17. Nd5 Bxd5 18. exd5 Qh6 19. Be7 Rfe8 20. Qe2 Rad8 21. Rfe1 Rd7 22. Bg5 Rxe2 23. Rxe2 g6 24. Bxh6 1-0

[Event "GER-ch U10 Girls"]
[Site "Willingen"]
[Date "2023.05.29"]
[Round "3"]
[White "Gubler, Sarah"]
[Black "Noennig, Lotte"]
[Result "1-0"]
[WhiteElo "1139"]
[BlackElo "1341"]
[PlyCount "57"]
[EventDate "2023.05.27"]
[EventType "swiss"]
[EventRounds "11"]
[EventCountry "GER"]
[SourceTitle "CBM 214 Extra"]
[Source "ChessBase"]
[SourceDate "2023.07.31"]
[SourceVersion "1"]
[SourceVersionDate "2023.07.31"]
[SourceQuality "1"]

1. e4 e5 2. Nf3 Nc6 3. Bc4 Bc5 4. Nc3 Nf6 5. d3 h6 6. h3 0-0 7. g4 d6 8. g5 hxg5 9. Bxg5 Be6 10. Nd5 Bxd5 11. exd5 Nd4 12. c3 Nf5 13. d4 exd4 14. cxd4 Re8+ 15. Be2 Bb4+ 16. Kf1 Qe7 17. Rg1 c5 18. Bb5 Rec8 19. Qd3 Nxd4 20. Nxd4 Kf8 21. Nf5 Qe5 22. f4 Qxb2 23. Rb1 Qxa2 24. Bxf6 gxf6 25. Rg2 Qa5 26. Bd7 Rd8 27. Qg3 Qa6+ 28. Kg1 Rxd7 29. Qg8# 1-0

[Event "Sachsen-Anhalt-ch op"]
[Site "Magdeburg"]
[Date "2021.10.31"]
[Round "7"]
[White "Noennig, Lotte"]
[Black "Pflug, Anton"]
[Result "0-1"]
[WhiteElo "946"]
[BlackElo "1048"]
[PlyCount "48"]
[EventDate "2021.10.28"]
[EventType "swiss"]
[EventRounds "7"]
[EventCountry "GER"]
[SourceTitle "CBM 205 Extra"]
[Source "ChessBase"]
[SourceDate "2022.01.31"]
[SourceVersion "1"]
[SourceVersionDate "2022.01.31"]
[SourceQuality "1"]

1. e4 e5 2. Nf3 Nc6 3. Bc4 Bc5 4. c3 Nf6 5. d4 exd4 6. cxd4 Bb4+ 7. Bd2 Bxd2+ 8. Nbxd2 d5 9. exd5 Nxd5 10. 0-0 0-0 11. Rc1 Bg4 12. h3 Bh5 13. Qa4 Nb6 14. Qb5 Bg6 15. Rfe1 Nxd4 16. Nxd4 Qxd4 17. Nb3 Qf6 18. Nc5 Rad8 19. Nxb7 c6 20. Qa6 Rd4 21. Bb3 Ra8 22. Na5 Rd2 23. Qxa7 Qxf2+ 24. Kh1 Qxg2# 0-1